[Event "HUN-chT2 Breyer 2324"]
[Site "Hungary"]
[Date "2023.10.29"]
[Round "2.10"]
[White "Rancso, Mark"]
[Black "Szendeff, Miklos"]
[Result "1-0"]
[WhiteElo "1950"]
[BlackElo "1758"]
[PlyCount "77"]
[EventDate "2023.10.08"]
[EventType "team-tourn"]
[EventRounds "9"]
[EventCountry "HUN"]
[SourceTitle "EXT 2025"]
[Source "ChessBase"]
[SourceDate "2024.10.14"]
[SourceVersion "1"]
[SourceVersionDate "2024.10.14"]
[SourceQuality "1"]
[WhiteTeam "Esztergom"]
[BlackTeam "Zsambek"]
[WhiteTeamCountry "HUN"]
[BlackTeamCountry "HUN"]

1. d4 g6 2. e4 d5 3. e5 c5 4. c3 Nc6 5. h3 Bg7 6. Nf3 e6 7. a3 c4 8. b3 b5 9. a4 Ba6 10. axb5 Bxb5 11. Na3 a6 12. bxc4 dxc4 13. Nxc4 Bxc4 14. Bxc4 Nge7 15. 0-0 a5 16. Bb5 0-0 17. Ba3 Rc8 18. Rc1 Re8 19. Qa4 Qc7 20. Nd2 Bh6 21. f4 Nd5 22. g3 g5 23. Bd6 Qb7 24. Ne4 gxf4 25. g4 f3 26. g5 Nf4 27. Rxf3 Nxd4 28. Qxd4 Qxb5 29. Nf6+ Kh8 30. Qxf4 Bxg5 31. Qxg5 Rg8 32. Qxg8+ Rxg8+ 33. Nxg8 Kxg8 34. Rg3+ Kh8 35. Rf1 Qb6+ 36. Rf2 f5 37. exf6 Qxd6 38. Rgg2 Qf8 39. f7 1-0

[Event "HUN-chT2 Breyer 2223"]
[Site "Hungary"]
[Date "2022.10.16"]
[Round "1.9"]
[White "Magyar, Erik Ferenc"]
[Black "Rancso, Mark"]
[Result "0-1"]
[WhiteElo "1533"]
[BlackElo "1960"]
[PlyCount "108"]
[EventDate "2022.10.16"]
[EventType "team-tourn"]
[EventRounds "11"]
[EventCountry "HUN"]
[SourceTitle "EXT 2025"]
[Source "ChessBase"]
[SourceDate "2024.10.14"]
[SourceVersion "1"]
[SourceVersionDate "2024.10.14"]
[SourceQuality "1"]
[WhiteTeam "Varosgazda Akademia"]
[BlackTeam "Esztergom"]
[WhiteTeamCountry "HUN"]
[BlackTeamCountry "HUN"]

1. e4 e6 2. d3 d5 3. Nd2 b6 4. g3 Bb7 5. Bg2 Nd7 6. Ngf3 Be7 7. 0-0 dxe4 8. Nxe4 Ngf6 9. Nfd2 Rb8 10. b3 0-0 11. Bb2 c5 12. Qe2 Qc7 13. f4 Nxe4 14. Nxe4 Bxe4 15. Bxe4 Bf6 16. Bxf6 Nxf6 17. Bf3 Rbd8 18. Rfe1 Ne8 19. a4 Nd6 20. Be4 Nxe4 21. Qxe4 Rd4 22. Qe5 Qc6 23. Kf2 h6 24. Qe3 Rfd8 25. Qf3 Qc7 26. Re5 R8d5 27. Rae1 Qd8 28. R1e4 Qd7 29. f5 Rxe4 30. fxe6 Rexe5 31. exd7 Rxd7 32. Qd1 Rd6 33. Qd2 Rf6+ 34. Kg2 Rfe6 35. Kf2 a5 36. Qd1 Kf8 37. Qd2 Ke7 38. Qd1 g5 39. g4 Rf6+ 40. Kg2 Rf4 41. h3 Kd6 42. c3 Re3 43. d4 cxd4 44. cxd4 Ree4 45. Qc2 Rxd4 46. Qh7 Rd2+ 47. Kg3 Rf6 48. Qh8 Rdf2 49. Qd8+ Ke5 50. Qc7+ Kd4 51. Qc4+ Ke5 52. Qc7+ Kd5 53. Qd7+ Ke4 54. Qe8+ Kd4 0-1

[Event "Bratislava Slovakia op"]
[Site "Bratislava"]
[Date "2022.09.30"]
[Round "1"]
[White "Laurusas, Tomas"]
[Black "Rancso, Mark"]
[Result "1-0"]
[WhiteElo "2565"]
[BlackElo "1960"]
[PlyCount "68"]
[EventDate "2022.09.30"]
[EventType "swiss (rapid)"]
[EventRounds "9"]
[EventCountry "SVK"]
[SourceTitle "CBM 210 Extra"]
[Source "ChessBase"]
[SourceDate "2022.11.30"]
[SourceVersion "1"]
[SourceVersionDate "2022.11.30"]
[SourceQuality "1"]

1. d4 d5 2. c4 c6 3. Nf3 Nf6 4. Nbd2 e6 5. e3 Be7 6. b3 0-0 7. Bb2 Nbd7 8. Bd3 c5 9. cxd5 exd5 10. 0-0 cxd4 11. Nxd4 Nc5 12. Be2 a5 13. Rc1 Bd7 14. N2f3 Bd6 15. Nh4 Rc8 16. Ndf5 Bxf5 17. Nxf5 Re8 18. Bg4 Be5 19. Bxe5 Rxe5 20. Qd4 Nxg4 21. Qxg4 g6 22. Nh6+ Kg7 23. Qd4 f6 24. Rxc5 Rxc5 25. Qxc5 Kxh6 26. Rd1 Kg7 27. h3 Kf7 28. Rd4 h5 29. Qb5 b6 30. Qc6 Re6 31. Qb5 Re5 32. Qd3 f5 33. Kh2 Ke6 34. Qb5 Qd6 1-0

[Event "Oravska Priehrada op"]
[Site "Namestovo"]
[Date "2017.08.26"]
[Round "2"]
[White "Rancso, Mark"]
[Black "Koutny, Petr"]
[Result "0-1"]
[WhiteElo "1931"]
[BlackElo "2155"]
[PlyCount "64"]
[EventDate "2017.08.25"]
[EventType "swiss"]
[EventRounds "7"]
[EventCountry "SVK"]
[SourceTitle "CBM 180 Extra"]
[Source "ChessBase"]
[SourceDate "2017.10.06"]
[SourceVersion "1"]
[SourceVersionDate "2017.10.06"]
[SourceQuality "1"]

1. d4 Nf6 2. Nf3 g6 3. c3 Bg7 4. Nbd2 d5 5. e3 0-0 6. Bd3 c5 7. Ne5 Nfd7 8. f4 f6 9. Nxg6 hxg6 10. Bxg6 f5 11. Qh5 Nf6 12. Qg5 e6 13. Nf3 Bd7 14. Rf1 Be8 15. Nh4 Nbd7 16. Bxe8 Rxe8 17. Rf3 Ng4 18. Qh5 Ndf6 19. Qg6 Ne4 20. Rh3 Qf6 21. Bd2 Qxg6 22. Nxg6 Kf7 23. Ne5+ Bxe5 24. fxe5 Rh8 25. Rxh8 Rxh8 26. h3 Ngf2 27. Ke2 Nxd2 28. Kxf2 Ne4+ 29. Kf3 Rg8 30. Rg1 Rg3+ 31. Ke2 b5 32. a3 c4 0-1

[Event "Gyor op-B 5th"]
[Site "Gyor"]
[Date "2014.07.13"]
[Round "8"]
[White "Kukel, Imre"]
[Black "Rancso, Mark"]
[Result "1-0"]
[WhiteElo "1851"]
[BlackElo "1779"]
[PlyCount "131"]
[EventDate "2014.07.09"]
[EventType "swiss"]
[EventRounds "9"]
[EventCountry "HUN"]
[SourceTitle "EXT 2016"]
[Source "ChessBase"]
[SourceDate "2015.10.08"]
[SourceVersion "1"]
[SourceVersionDate "2015.10.08"]
[SourceQuality "1"]

1. d4 d5 2. Nf3 Nf6 3. Bg5 e6 4. e3 Nbd7 5. Nbd2 Bd6 6. Bd3 h6 7. Bh4 0-0 8. c3 c6 9. e4 dxe4 10. Nxe4 Be7 11. Bg3 Nxe4 12. Bxe4 Nf6 13. Bc2 Bd6 14. Qe2 b6 15. Ne5 Bb7 16. 0-0 c5 17. dxc5 Bxc5 18. Rad1 Qc8 19. b4 Be7 20. Rc1 Ba6 21. Bd3 Bxd3 22. Qxd3 Nh5 23. a3 Nxg3 24. fxg3 Qc7 25. Qe4 Rad8 26. Nc6 Rd6 27. Nd4 a6 28. Rf3 Bf6 29. Ne2 Rfd8 30. Rcf1 Rd1 31. Qc2 Rxf1+ 32. Kxf1 Qd6 33. Ke1 b5 34. c4 bxc4 35. Qxc4 Qd2+ 36. Kf1 Qd1+ 37. Kf2 Bd4+ 38. Nxd4 Qxd4+ 39. Qxd4 Rxd4 40. Rb3 Rd2+ 41. Kf3 Ra2 42. g4 Kh7 43. h4 g5 44. h5 Kg7 45. g3 Kf6 46. Ke4 Ke7 47. Rd3 Rc2 48. Rb3 Ra2 49. Kd4 Kd6 50. Rc3 Rd2+ 51. Kc4 Re2 52. a4 Re4+ 53. Kb3 Re5 54. Rf3 f5 55. gxf5 exf5 56. Rd3+ Rd5 57. Rc3 Ke5 58. Re3+ Kd6 59. Kc4 Rd1 60. Rb3 Rc1+ 61. Kd3 Ra1 62. b5 Kc7 63. bxa6 Rxa4 64. Rb7+ Kc8 65. Rb6 Ra3+ 66. Kd4 1-0